000 00957cam a22002897a 4500
005 20220817041335.0
008 971013s1942 r 00010 d
010 _a11698
011 _a12670
035 _a16117
090 _aFolleto 2831
100 0 0 _aDamaree, J. B.
_930984
245 0 _aControl of grape diseases and insects in eastern United States
260 _aWashington, D.C. :
_bDepartment of Agriculture,
_c1942
300 _a28 p.
490 0 _aEUA. Dep. of Agri. Farmers bull.
_v; 1893
590 _aBATCH-UPD
_b10
_c20130110
_lUCH01
_h0125
590 _aBATCH-UPD
_b10
_c20130110
_lUCH01
_h1029
590 _aCONVERSION
_b10
_c20130109
_lUCH01
_h1308
650 1 4 _aControl de plagas.
_927595
650 1 4 _aVid
_xEnfermedades.
_9119108
650 1 4 _aVid
_xPlagas.
_9119131
700 0 _aRunner, G. A.
_9100863
830 0 _aEUA. Dep. of Agri. Farmers bull.
_v; 1893
901 _aBK
949 _aFolleto 2831
_bBC
_cFOLLBD
_d-28337
_eTS1
_i16117
_si
999 _c11698
_d11698